Valuation of medical centres and surgery premises (Record no. 122165)
[ view plain ]
| 000 -LEADER | |
|---|---|
| fixed length control field | 02359cab a22003255a 4500 |
| 008 - FIXED-LENGTH DATA ELEMENTS--GENERAL INFORMATION | |
| fixed length control field | 250516s2025 xxk f 000 0 eng d |
| 020 ## - INTERNATIONAL STANDARD BOOK NUMBER | |
| International Standard Book Number | 9781783215423 |
| 035 ## - SYSTEM CONTROL NUMBER | |
| System control number | (Sirsi) u151369 |
| 041 0# - LANGUAGE CODE | |
| Language code of text/sound track or separate title | eng |
| 050 04 - LIBRARY OF CONGRESS CALL NUMBER | |
| Classification number | 333.332 $2 18 |
| 110 2# - MAIN ENTRY--CORPORATE NAME | |
| Corporate name or jurisdiction name as entry element | Royal Institution of Chartered Surveyors |
| 9 (RLIN) | 4900 |
| 245 00 - TITLE STATEMENT | |
| Title | Valuation of medical centres and surgery premises |
| 250 ## - EDITION STATEMENT | |
| Edition statement | 3rd edition |
| 260 ## - PUBLICATION, DISTRIBUTION, ETC. | |
| Place of publication, distribution, etc. | London, |
| Name of publisher, distributor, etc. | RICS |
| Date of publication, distribution, etc. | 2025 |
| 300 ## - PHYSICAL DESCRIPTION | |
| Extent | 56p. |
| 490 #0 - SERIES STATEMENT | |
| Series statement | RICS Professional Standard |
| 505 2# - FORMATTED CONTENTS NOTE | |
| Formatted contents note | Introduction -- The NHS framework -- British medical association (BMA) guidance -- Sustainability and ESG -- Basis of valuation, general assumptions and considerations -- Valuation for partnership purposes -- Valuation for loan security purposes -- Valuation of investment properties -- Valuation of LIFT schemes -- Inspection and measurement -- Design and specification, the impact of legislation and NHS policy -- co-located pharmacies -- floor plan examples showing NIA calculation |
| 520 ## - SUMMARY, ETC. | |
| Summary, etc. | This professional standard is concerned with the valuation of medical centres and surgeries occupied by doctors and other similar practitioners for medical or health services in the UK. It is aimed at supporting the practice, knowledge and performance of RICS members and RICS-regulated firms working across the medical centre and surgery premises sector, as well as other industry stakeholders, including the NHS, investors, developers, lenders, legal experts, and other professionals with an interest in the primary care health sector.<br/><br/>This standard will enable surveyors to learn about common approaches and benchmarks across the medical centre and surgery premises sector. It will also assist professionals working in this sector in helping build efficient and consistent practice in the valuation of these premises. |
| 520 ## - SUMMARY, ETC. | |
| Summary, etc. | Supersedes 2nd edition (ISBN 9781842195994) which was withdrawn in 2015. |
| 520 ## - SUMMARY, ETC. | |
| Summary, etc. | In effect from 1 August 2025 |
| 521 ## - TARGET AUDIENCE NOTE | |
| Target audience note | Advanced |
| 590 ## - LOCAL NOTE (RLIN) | |
| Local note | KA |
| 650 ## - SUBJECT ADDED ENTRY--TOPICAL TERM | |
| Topical term or geographic name entry element | HOSPITALS |
| 650 ## - SUBJECT ADDED ENTRY--TOPICAL TERM | |
| Topical term or geographic name entry element | MEDICAL CENTRES |
| 650 ## - SUBJECT ADDED ENTRY--TOPICAL TERM | |
| Topical term or geographic name entry element | SURGERIES |
| 651 #4 - SUBJECT ADDED ENTRY--GEOGRAPHIC NAME | |
| Geographic name | United Kingdom |
| 690 ## - LOCAL SUBJECT ADDED ENTRY--TOPICAL TERM (OCLC, RLIN) | |
| Topical term or geographic name as entry element | Valuation |
| 9 (RLIN) | 6273 |
| 856 40 - ELECTRONIC LOCATION AND ACCESS | |
| Uniform Resource Identifier | <a href="https://www.rics.org/profession-standards/rics-standards-and-guidance/sector-standards/valuation-standards/valuation-of-medical-centre-and-surgery-premises">https://www.rics.org/profession-standards/rics-standards-and-guidance/sector-standards/valuation-standards/valuation-of-medical-centre-and-surgery-premises</a> |
| Public note | View on RICS.org |
| 942 ## - ADDED ENTRY ELEMENTS (KOHA) | |
| Suppress in OPAC | 0 |
| Source of classification or shelving scheme | Dewey Decimal Classification |
| Withdrawn status | Lost status | Damaged status | Not for loan | Home library | Current library | Shelving location | Date acquired | Total Checkouts | Date last seen | Price effective from | Koha item type |
|---|---|---|---|---|---|---|---|---|---|---|---|
| Virtual | Virtual | Online | 16/05/2025 | 16/05/2025 | 16/05/2025 | Online material |